000 00496nam a2200193Ia 4500
003 IN-BaIIA
008 211028s9999 xx 000 0 eng d
020 _a0-486-60532-9
040 _cIIA Library
080 _a535
_bDRU
100 _aDrude, Paul
_95689
245 4 _aThe theory of optics
_cPaul Drude
260 _aNew York
_bDover Publications
_c1959
300 _axxi, 546p.
650 _a Optics 
_97974
650 _a Physical optics
_97975
650 _aNASA thesaurus 
942 _cBK
999 _c4535
_d4535